| 000 | 00699nam a2200205Ia 4500 | ||
|---|---|---|---|
| 003 | GCL | ||
| 008 | 140319s9999 xx 000 0 ara d | ||
| 040 |
_aGCL / _cGCL |
||
| 082 | 0 | 4 |
_a787.1 _bخ م |
| 100 | 1 | _aخيرى ابراهيم الملط | |
| 245 | 1 | 0 |
_aالمدرسة القومية الحديثة لتعليم العزف على الفيولينه: الكمان / _cخيرى ابراهيم الملط |
| 300 | _a81 ص | ||
| 490 |
_aالهيئة العامة للاستعلامات _v0 |
||
| 650 | 0 | 4 | _aالموسيقى |
| 650 | 0 | 4 | _aالالات الموسيقية |
| 650 | 0 | 4 | _aالكمان |
| 650 | 0 | 4 | _aالالات الوترية |
| 650 | 0 | 4 | _aالفيولينه |
| 942 |
_2ddc _cBK |
||
| 999 |
_c50012 _d50012 |
||